000 00892nam a2200289 a 4500
001 24476
003 CO-ViMGA
008 141112s2004 ck r 000 u spa d
020 _a9788434898806
040 _aCO-ViMGA
_bspa
_cCO-ViMGA
041 _aSPA
090 _aN LAN2
100 1 _aLanda, Mariasun, 1949 -
_936351
245 1 0 _aUn cocodrilo bajo la cama /
_cMariasun Landa; ilustraciones de Arnal Ballester
250 _a11a ed.
260 _aMadrid :
_bS. M.,
_c2011
300 _a60 p. : il. byn. : il.
490 _aEl barco de vapor : roja
500 _aTítulo original : Krokodiloa ohe azpian
650 1 4 _aENFERMEDADES - NOVELA
_936352
650 1 4 _aLITERATURA ESPAÑOLA - SIGLO XX
_92215
650 1 4 _aLITERATURA INFANTIL
_92746
650 1 4 _aMEDICOS - NOVELA
_936353
650 1 4 _aSOLEDAD - NOVELA
_932147
700 1 _aBallester, Arnal
_936354
942 _2ddc
_cBK
999 _c2200
_d2200